HODNOTENIE METEOROLOGICKÉHO SUCHA V POVODÍ HORNÉHO TOKU TORYSY

Bibliographic Details
Main Author: Brušková, Valéria (Author)
Format: Article
Language:Slovak

MARC

LEADER 00000nab a2200000 a 4500
001 vtls010725570
003 SK-MaSNL
005 20260304185709.0
008 250709s2007 xo |||||||||||||||||slo|
035 |a (urnnbn)urn:nbn:sk:snk:ar-a04xhe 
035 |a (uuid)595925ab-d17d-4b94-b7b4-d78f2433a4b9 
035 |a urn:nbn:sk:snk-ab3pgp 
040 |a SNKBUCL  |b slo  |c SNKBUCL  |e AACR2 
041 0 |a slo 
044 |a xo  |c SK 
100 1 |a Brušková, Valéria  |4 aut  |9 1129098 
245 1 0 |a HODNOTENIE METEOROLOGICKÉHO SUCHA V POVODÍ HORNÉHO TOKU TORYSY  |c Valéria Brušková 
773 0 |t Podzemná voda : vedecký a odborný časopis Slovenskej asociácie hydrogeológov a národnej skupiny Medzinárodnej asociácie hydrogeológov  |g Roč. 13, č. 2 (2007), s. 169-176 
850 |a Slovenská národná knižnica 
852 |a Slovenská národná knižnica 
954 |a odborná, vedecká literatúra pôvodná (slovenská)  |2 lita 
958 |a article1 
958 |a OND 
958 |a EUIPO 
999 |c 3045461  |d 3047391